banner-ar

ديك النهار / (Record no. 6819)

MARC details
000 -الفاتح
حقل البيانات ثابتة الطول 00585nam a2200193Ia 4500
005 - وقت وتاريخ اخر تعامل مع التسجيلة
رقم الضبط 20240530095408.0
008 - عناصر البيانات ثابتة الطول - معلومات عامة
حقل البيانات ثابتة الطول 140319s9999 xx 000 0 ara d
040 ## - مصدر الفهرسة
وكالة الفهرسة الأصلية GCL /
وكالة النسخ GCL
082 04 - رقم تصنيف ديوى العشرى
رقم التصنيف 813.02
رقم المادة ط/ك ج
100 1# - المدخل الرئيسى - إسم شخصى
الإسم الشخصى كامل كيلانى
245 10 - بيان العنوان
العنوان ديك النهار /
بيان المسئوليه,etc كامل كيلانى
260 ## - PUBLICATION, DISTRIBUTION, ETC. (IMPRINT)
تاريخ النشر أو التوزيع 0
300 ## - الوصف المادى
التعداد ؛
أبعاد الوعاء 20 سم
490 ## - بيان السلسلة
عنوان السلسلة جحا قال0000 يااطفال
رقم المجلد/ التعيين التسلسلي 0
650 04 - المدخل الاضافى بالموضوع-مصطلح موضوعى
مصطلح موضوعي قصص الاطفال
650 04 - المدخل الاضافى بالموضوع-مصطلح موضوعى
مصطلح موضوعي الاساطير
942 ## - عناصر المدخل الإضافي( كوها)
مصدر التصنيف او مخطط الترفيف Dewey Decimal Classification
Koha [default] item type كتاب
260 ## - PUBLICATION, DISTRIBUTION, ETC. (IMPRINT)
-- القاهرة :
-- الهيئة المصرية العامة للكتاب ،
Holdings
حالة التراجع حالة الفقد مصدر التصنيف او خطة الترفيف حالة تلف ليس للاعارة المكان المؤقت الموقع الحالى تاريخ الاكتساب اجمالي اﻻعارات رقم الطلب الباركود تاريخ اخر مشاهدة تاريخ تفعيل السعر نوع وعاء كوها
    ddc     مكتبة القاهرة الكبرى مكتبة القاهرة الكبرى 03/26/2014   813.02 ط/ك ج 14338 03/26/2014 03/26/2014 كتاب
    ddc     مكتبة القاهرة الكبرى مكتبة القاهرة الكبرى 03/26/2014   813.02 ط/ك ج 14339 03/26/2014 03/26/2014 كتاب

Powered By

EGPV